00713nam a2200229Ia 450000500170000000800410001702000270005804000190008504100120010408200150011610000180013124500300014926000370017930000120021650400500022865000500027865100250032885000100035394200070036399900150037095200980038520211202114447.0131103s9999 xx 000 0 und d a0 460 11365 8c1.75pds aLoreto College aEnglish a320.5bMAN aManning, D.J. aLiberalismcD. J. Manning aLondonbJ. M. Dent & Sonscc1976 a174 p.  aIncludes bibliographical references and index aPolitics - Political Ideology - Liberalism -  aPolitical Science -  aLCLIB cBK c400d50879 00102ddc4070aMAINbMAINd2013-11-04l0o320.5 MAN 26197pB409r2013-11-04w2013-11-04yBK